Podnikatelia predpokladajú stagnáciu

Pohľad podnikateľov na aktuálnu ekonomickú situáciu, výkonnosť vlastných firiem. Očakávaný vývoj vybraných ukazovateľov v roku 2013. Riziká pre podnikateľskú činnosť.

Salvato in:
Dettagli Bibliografici
Autore principale: Vlčko, Ján
Natura: Capitolo di libro
Lingua:slovacco
Soggetti:
Tags: Aggiungi Tag
Nessun Tag, puoi essere il primo ad aggiungerne!!

MARC

LEADER 00000naa a2200000 4500
001 0167898
005 20231109070711.2
041 0 |a slo 
044 |a SK 
245 1 0 |a Podnikatelia predpokladajú stagnáciu  |c Ján Vlčko 
520 |a Pohľad podnikateľov na aktuálnu ekonomickú situáciu, výkonnosť vlastných firiem. Očakávaný vývoj vybraných ukazovateľov v roku 2013. Riziká pre podnikateľskú činnosť. 
610 2 0 |a podnikatelia 
610 2 0 |a prostredie podnikateľské 
610 2 0 |a výkony podnikové 
610 2 0 |a riziko podnikateľské 
610 2 0 |a recesia 
100 1 |a Vlčko, Ján